| 000 | 00370pab a2200157 454500 | ||
|---|---|---|---|
| 008 | 180718b2000 xxu||||| |||| 00| 0 eng d | ||
| 100 | _aSen, Sankar | ||
| 245 | _aLaw enforcement: police need basic structural change | ||
| 260 | _c2000 | ||
| 300 | _ap.6 | ||
| 362 | _a24 Dec | ||
| 650 | _aPolice - India | ||
| 650 | _aPolice | ||
| 773 | _aStatesman | ||
| 909 | _a48036 | ||
| 999 |
_c48036 _d48036 |
||